Welcome to CU Library Online Public Access Catalogue (OPAC)

Idioms in the Bible explained ; and, A key to the original Gospel / (Record no. 6344)

MARC details
000 -LEADER
fixed length control field 00906pam a2200217 a 4500
001 - CONTROL NUMBER
control field 4752640
005 - DATE AND TIME OF LATEST TRANSACTION
control field 20250609121353.0
008 - FIXED-LENGTH DATA ELEMENTS--GENERAL INFORMATION
fixed length control field 850618s1985 cau 000 0 eng
020 ## - INTERNATIONAL STANDARD BOOK NUMBER
International Standard Book Number 0060649275 (pbk.) :
Terms of availability $8.95
050 00 - LIBRARY OF CONGRESS CALL NUMBER
Classification number BS537
Item number .L35 1985
082 00 - DEWEY DECIMAL CLASSIFICATION NUMBER
Classification number 220.4
Edition information 19
100 1# - MAIN ENTRY--PERSONAL NAME
Personal name Lamsa, George M.
Fuller form of name (George Mamishisho),
Dates associated with a name 1892-1975.
245 10 - TITLE STATEMENT
Title Idioms in the Bible explained ; and, A key to the original Gospel /
Statement of responsibility, etc. George M. Lamsa.
260 ## - PUBLICATION, DISTRIBUTION, ETC.
Place of publication, distribution, etc. San Francisco, CA :
Name of publisher, distributor, etc. Harper & Row,
Date of publication, distribution, etc. c1985.
300 ## - PHYSICAL DESCRIPTION
Extent xii, 104 p. ;
Dimensions 24 cm.
500 ## - GENERAL NOTE
General note Cover title of 2nd work: A key to the original Gospels.
500 ## - GENERAL NOTE
General note Second work originally published under title: Key to original Gospels.
700 12 - ADDED ENTRY--PERSONAL NAME
Personal name Lamsa, George M.
Fuller form of name (George Mamishisho),
Dates associated with a name 1892-1975.
Title of a work Key to original Gospels.
Date of a work 1985.
856 42 - ELECTRONIC LOCATION AND ACCESS
Materials specified Publisher description
Uniform Resource Identifier <a href="http://www.loc.gov/catdir/description/hc044/85042782.html">http://www.loc.gov/catdir/description/hc044/85042782.html</a>
942 ## - ADDED ENTRY ELEMENTS (KOHA)
Source of classification or shelving scheme Library of Congress Classification
Koha item type Books
Suppress in OPAC No
999 ## -
-- 6344
-- 6344
Holdings
Withdrawn status Lost status Source of classification or shelving scheme Damaged status Not for loan Collection Home library Current library Shelving location Date acquired Total checkouts Full call number Barcode Date last seen Copy number Price effective from Koha item type
    Library of Congress Classification     Non-fiction Undergraduate Library (Christ Temple) Undergraduate Library (Christ Temple) General stacks 06/09/2025   BS 537 LAM ulct00003095 06/09/2025 1 06/09/2025 Books
© 2023-2024 Copyright: Central University Libraries. All Rights Reserved | Created by: Mahone Tech Office